| 000 | 00424nam a2200145Ia 4500 | ||
|---|---|---|---|
| 008 | 240729s9999 xx 000 0 und d | ||
| 245 | 0 | _aJournal of Building Materials and Structures | |
| 260 | _aAlgeria | ||
| 260 | _bUniversity Amar Telidji of Laghouat | ||
| 650 | _a Building construction | ||
| 650 | _aTechnology | ||
| 856 | _uhttps://doaj.org/toc/d9800d444d98488db59d9f7c29ea83f5 | ||
| 942 | _2ddc | ||
| 942 | _cDOAJEJ | ||
| 999 |
_c70625 _d70625 |
||
| 945 |
_a1 _bMadushi Gamage _c1 _dMadushi Gamage |
||